Friends Trivia - Statistics

General Stats
  • This quiz has been taken 1,314 times
    1,303 since last reset
  • The average score is 10 of 14
Answer Stats
Question Answer % Correct
How many times does Ross get divoriced? 3
98%
What is the name of the coffee house the cast hangs out at? Central Perk
98%
What is Chandler's least favorite holiday? Thanksgiving
96%
Ross has had a crush on Rachel since what grade? 9th grade
91%
Which character got his/her own spinoff? Joey
91%
Who was the boyfriend of Monica's that fought in the UFC? Pete Becker
78%
What was Monica's nickname when she played lacrosse? Big Fat Goalie
77%
Where do some of the characters travel for Ross's paleontology seminar? Barbados
72%
What is Rachel's favorite movie? Weekend at Bernies
62%
What is the name of the game show that Joey auditions for? Bamboozled
57%
Joey dates a woman that makes what kind of baskets? Fruit Baskets
57%
Who is Rachel's boss that Chandler has a relationship with? Joanna
50%
Which balloon gets away at the Macy's Thanksgiving parade? Underdog
36%
How many episodes of Friends were made? 239
32%
No matching quizzes found
Score Distribution
Percent of People with Each Score
Percentile by Number Answered
Your Score History
You have not taken this quiz since the last reset